00000000nam##2200000za#4500
0019.620136
003CaOODSP
00520210615103906
007ta
008150406|2000||||xxc|||||     f|0| 0 eng|d
020 |a0-660-18361-7
040 |aCaOODSP|beng
043 |an-cn---
0861 |aNH15-374/2000E
1102 |aCanada Mortgage and Housing Corporation.
24510|aHomeownership education and counselling : |ban examination of U.S. experience and its relevance for Canada / |cby Hirshhorn Consulting Inc. & George McCarthy.
260 |aOttawa - Ontario : |bCanada Mortgage and Housing Corporation |c2000.
300 |avii, 150p. : |breferences, tables ; |c28 cm.
4901 |aResearch report. Housing affordability and finance series
500 |aThis research report explores the use of education and counselling programs to facilitate access to homeownership and make homeownership sustainable. The focus is both on pre-purchase programs, which target prospective homeowners, and post-purchase programs, which are directed towards existing homeowners that need assistance in avoiding or addressing problems that put homeownership at risk. The study examines what is involved in the establishment of comprehensive homeownership education and counselling programs and considers whether there is a role for such programs in Canada.--Introduction
500 |aThis publication was listed in Weekly Checklist 01-14.
5203 |aThis research report explores the use of education and counselling programs to facilitate access to homeownership and make homeownership sustainable. The focus is both on pre-purchase programs, which target prospective homeowners, and post-purchase programs, which are directed towards existing homeowners that need assistance in avoiding or addressing problems that put homeownership at risk. The study examines what is involved in the establishment of comprehensive homeownership education and counselling programs and considers whether there is a role for such programs in Canada.--Introduction
563 |aRing binding
7201 |aMcCarthy, George
77508|tLes services de formation et de consultation pour l'accession à la propriété : |w(CaOODSP)9.628814
7760#|tHomeownership education and counselling : |w(CaOODSP)9.569093
830#0|aResearch report. Housing affordability and finance series.|w(CaOODSP)9.514815
986 |aPE 0435